00293nam a2200097Ia 4500008004100000020001800041100002000059245006700079260003100146300001800177180315s9999 xx 000 0 und d a9781847940520 aLeighton, Allan aTough calls :bMaking the right decisions in challenging times aUK :b2011cBusiness Books avi, 243 pages